| 000 | 01473nam a2200445Ia 4500 | ||
|---|---|---|---|
| 003 | GCL | ||
| 008 | 140319s9999 xx 000 0 ara d | ||
| 020 | _a6290314977 | ||
| 040 |
_aGCL / _cGCL |
||
| 082 | 0 | 4 |
_a371.95 _bس ك |
| 100 | 1 | _aساوسا, ديفيد | |
| 245 | 1 | 0 |
_aكيف يتعلم المخ الموهوب / _cساوسا, ديفيد |
| 700 | 1 | _aمراد على عيسى سعد | |
| 700 | 1 | _aوليد السيد احمد خليفة | |
| 700 | 1 | _aصلاح عبدالمنعم حوطر | |
| 700 | 1 | _aفاطمة حلمى فرير | |
| 700 | 1 | _aرضا رزق ابراهيم | |
| 700 | 1 | _aعادل محمد العدل | |
| 250 | _aالاولى | ||
| 260 |
_aالقاهرة : _bزهراء الشرق ، _c2006 |
||
| 300 |
_a304ص ؛ _c24سم |
||
| 650 | 0 | 4 | _aالمدرسة والمجتمع |
| 650 | 0 | 4 | _aالتعلم |
| 650 | 0 | 4 | _aالذاكرة |
| 650 | 0 | 4 | _aالذكاء |
| 650 | 0 | 4 | _aالموهبة |
| 650 | 0 | 4 | _aالموهوبون |
| 650 | 0 | 4 | _aالمخ |
| 650 | 0 | 4 | _aالاطفال الموهوبون |
| 650 | 0 | 4 | _aالتعلم الذاتى |
| 650 | 0 | 4 | _aالمدارس - تنظيم وادارة |
| 650 | 0 | 4 | _aالذكاء - مستوى |
| 650 | 0 | 4 | _aالابداع |
| 650 | 0 | 4 | _aالطلبة الموهوبون |
| 650 | 0 | 4 | _aالتعليم - تطوير |
| 650 | 0 | 4 | _aالمخ - مكونات |
| 650 | 0 | 4 | _aالطلبة الموهوبون - تعليم |
| 650 | 0 | 4 | _aاللغة - تعليم وتدريس |
| 942 |
_2ddc _cBK |
||
| 999 |
_c9665 _d9665 |
||